000 00888cam a22002894a 4500
001 13564540
003 OSt
005 20260402135619.0
008 040420s2005 paua b 001 0 eng
010 _a 2004046835
020 _a0721601871
035 _a(DNLM)101214483
040 _aDNLM/DLC
_cDLC
_dDLC
042 _apcc
050 0 0 _aRB111
_b.R62 2005
082 0 0 _aQZ 4 K96r 2005
100 _aedited by] Vinay, Kumar; Abul K. Abbas; Nelson Fausto
_911201
245 0 0 _aRobbins and Cotran Pathologic Basis of Disease.
250 _a7th ed.
260 _aPhiladelphia :
_bElsevier Saunders,
_cc2005.
300 _axv, 1525 p. :
_bcol.ill.;
_c29 cm. +
_e1 CD-ROM
504 _aIncludes bibliographical references and index.
650 0 _aPathology.
_937
650 0 _aPathologic diseases
_919572
906 _a7
_bcbc
_corignew
_d1
_eocip
_f20
_gy-gencatlg
942 _2z
_cB_BANK
_03
999 _c236
_d236